| 000 | 00330nam a22001217a 4500 | ||
|---|---|---|---|
| 008 | 240912b |||||||| |||| 00| 0 eng d | ||
| 040 |
_aNational Science Library _cNational Science Library |
||
| 080 | _aR 681.4(038)=00 K1 | ||
| 245 | _aFinommechanika optika | ||
| 260 |
_aBudapest: _c1961 |
||
| 300 | _a569p. | ||
| 942 |
_2udc _cREF |
||
| 999 |
_c67390 _d67390 |
||